Động hoá học

Nội dung tài liệu trình bày những khái niệm cơ bản của động hoá học, động học các phản ứng đồng thể, phản ứng quang hoá và phản ứng dây chuyền, động học quá trình dị thể, xúc tác, kèm theo một số ví dụ và bài tập...

ver descrição completa

Na minha lista:
Detalhes bibliográficos
Autor principal: Lê Cộng Hoà
Outros Autores: Trần Văn Niêm
Formato: Livro
Idioma:Vietnamese
Publicado em: H. Bách khoa Hà Nội 2008
Assuntos:
Tags: Adicionar Tag
Sem tags, seja o primeiro a adicionar uma tag!
Thư viện lưu trữ: Thư viện Trường Đại học Nam Cần Thơ
LEADER 01354aam a22002298a 4500
001 NCT_1168
008 081022s2008 ||||||viesd
999 |c 58  |d 58 
020 |c 45500 
082 0 4 |2 23rd ed.  |a 541  |b H401 
100 1 |a Lê Cộng Hoà 
245 1 0 |a Động hoá học  |c Lê Cộng Hoà, Trần Văn Niêm 
260 |a H.  |b Bách khoa Hà Nội  |c 2008 
300 |a 259tr.  |c 21cm 
520 3 |a Nội dung tài liệu trình bày những khái niệm cơ bản của động hoá học, động học các phản ứng đồng thể, phản ứng quang hoá và phản ứng dây chuyền, động học quá trình dị thể, xúc tác, kèm theo một số ví dụ và bài tập 
655 7 |a Giáo trình 
700 1 |a Trần Văn Niêm 
942 |2 ddc  |c BK 
952 |0 0  |1 0  |2 ddc  |4 0  |6 541_000000000000000_H401  |7 0  |9 1976  |a 000001  |b 000001  |d 2017-10-24  |o 541 H401  |p MD.00304  |r 2017-10-24  |v 45500.00  |w 2017-10-24  |y BK 
952 |0 0  |1 0  |2 ddc  |4 0  |6 541_000000000000000_H401  |7 0  |9 1977  |a 000001  |b 000001  |d 2017-10-24  |o 541 H401  |p MD.00305  |r 2017-10-24  |v 45500.00  |w 2017-10-24  |y BK 
952 |0 0  |1 0  |2 ddc  |4 0  |6 541_000000000000000_H401  |7 0  |9 1978  |a 000001  |b 000001  |d 2017-10-24  |o 541 H401  |p MD.00306  |r 2017-10-24  |v 45500.00  |w 2017-10-24  |y BK 
980 |a Thư viện Trường Đại học Nam Cần Thơ